000 01283nam a22003977a 4500
001 0014917
003 KOHA_MİRAKIL
005 20260207002011.0
007 ta
008 100809b2004 tu a|||gr||||#||||0|tur |
020 _a9750602722
_c0,01
040 _aTR-BiSEU
_btur
_cTR-BiSEU
_erda
041 0 _atur
044 _ctu
050 _aLB3051
_b.K37 2004
100 1 _aKaraca, Erol.
245 1 _aÖğretmen adaylarının ölçme ve değerlendirme yeterliklerine ilişkin algıları/
_cErol Karaca ; Erol Karaca.
264 1 _aEskişehir :
_bAnadolu Üniversitesi
_c2004
300 _ax,265 sayfa: tablo; 23 cm.
336 _ametin
_btxt
_2rdacontent
337 _aaracısız
_bn
_2rdamedia
338 _acilt
_bnc
_2rdacarrier
490 1 _aAnadolu Üniversitesi yayınları ;
_vno.
490 1 _a1549.
490 1 _aEğitim Fakültesi yayınları ;
_vno.
490 1 _a90
650 0 _aEducation--Evaluation.
_934690
650 0 _aEğitim--Değerlendirme.
_934691
650 0 _aTeachers--Evaluation.
_934692
650 0 _aÖğretmenler--Değerlendirme.
_934693
830 1 _aAnadolu Üniversitesi yayınları ;
_vno.
_97107
830 1 _a1549.
_934694
830 1 _aEğitim Fakültesi yayınları ;
_vno.
_915887
830 1 _a90
_920568
942 _2lcc
_cBK
999 _c14880
_d14880